Contabilidad de costos
保存先:
| 主要な著者: | , , |
|---|---|
| フォーマット: | 図書 |
| 言語: | スペイン語 |
| 出版事項: |
Ciudad de México
Pearson Educación
2002
|
| 版: | 10a. ed |
| 主題: | |
| タグ: |
タグ追加
タグなし, このレコードへの初めてのタグを付けませんか!
|
MARC
| LEADER | 00000nam a2200000 a 4500 | ||
|---|---|---|---|
| 001 | UCM7328 | ||
| 003 | CL-VaPUC | ||
| 005 | 20241008143429.0 | ||
| 008 | 021213e20020000MX |||||||||||||||||spa|d | ||
| 999 | |c 302172 |d 302170 | ||
| 020 | |a 9702600960 | ||
| 040 | |c Pontificia Universidad Católica de Valparaíso | ||
| 082 | 0 | 4 | |a 657.42 |b HOR |2 21 |
| 100 | |a Horngren, Charles T |e author |9 590581 | ||
| 245 | 1 | 0 | |a Contabilidad de costos |
| 250 | |a 10a. ed | ||
| 260 | |a Ciudad de México |b Pearson Educación |c 2002 | ||
| 300 | |a 906 p | ||
| 583 | |a last modification |c 20021213 00:00:00 |k Rodrigo Vera | ||
| 650 | 0 | |a Contabilidad de costes |9 891891 | |
| 650 | 0 | |a Control presupuestario |9 345693 | |
| 650 | 0 | |a Toma de decisiones |9 257530 | |
| 650 | 0 | |a Control de costes |9 886490 | |
| 700 | 0 | |a Foster, George |e author |9 472890 | |
| 700 | 0 | |a Datar, Srikant M |e author |9 472891 | |
| 942 | |c BK |2 ddc | ||
| 945 | |d 20021213 00:00:00 |a vberengu | ||
| 952 | |0 0 |1 0 |4 0 |6 657_420000000000000_HOR_2002 |7 0 |8 R |9 362255 |a BIBGIM |b BIBGIM |d 2019-11-21 |i 386846K |o 657.42 HOR 2002 |p 386846K |r 2025-01-15 |w 2019-11-21 |y BK_R |k COM | ||
| 952 | |0 0 |1 0 |4 0 |6 657_420000000000000_HOR_2002 |7 0 |8 R |9 362256 |a BIBENE |b BIBENE |d 2019-11-21 |i 3901912 |o 657.42 HOR 2002 |p 3901912 |r 2025-01-15 |w 2019-11-21 |y BK_R |k ICO | ||
| 952 | |0 0 |1 0 |4 0 |6 657_420000000000000_HOR_2002 |7 0 |8 R |9 362257 |a BIBGIM |b BIBGIM |d 2019-11-21 |i 4069080 |o 657.42 HOR 2002 |p 4069080 |r 2025-01-15 |w 2019-11-21 |y BK_R |k COM | ||
| 952 | |0 0 |1 0 |4 0 |6 657_420000000000000_HOR_2002 |7 0 |8 R |9 362258 |a BIBGIM |b BIBGIM |d 2019-11-21 |i 4069099 |o 657.42 HOR 2002 |p 4069099 |r 2025-01-15 |w 2019-11-21 |y BK_R |k COM | ||
| 952 | |0 0 |1 0 |4 0 |6 657_420000000000000_HOR_2002 |7 0 |8 R |9 362259 |a BIBGIM |b BIBGIM |d 2019-11-21 |i 4069102 |o 657.42 HOR 2002 |p 4069102 |r 2025-01-15 |w 2019-11-21 |y BK_R |k COM | ||
| 952 | |0 0 |1 0 |4 0 |6 657_420000000000000_HOR_2002 |7 0 |8 R |9 362260 |a BIBGIM |b BIBGIM |d 2019-11-21 |i 4069110 |o 657.42 HOR 2002 |p 4069110 |r 2025-01-15 |w 2019-11-21 |y BK_R |k COM | ||
| 952 | |0 0 |1 0 |4 0 |6 657_420000000000000_HOR_2002 |7 0 |8 R |9 362261 |a BIBGIM |b BIBGIM |d 2019-11-21 |i 4069129 |o 657.42 HOR 2002 |p 4069129 |r 2025-01-15 |w 2019-11-21 |y BK_R |k COM | ||
| 952 | |0 0 |1 0 |4 0 |6 657_420000000000000_HOR_2002 |7 0 |8 R |9 362262 |a BIBGIM |b BIBGIM |d 2019-11-21 |i 411339K |o 657.42 HOR 2002 |p 411339K |r 2025-01-15 |w 2019-11-21 |y BK_R |k COM | ||
| 952 | |0 0 |1 0 |4 0 |6 657_420000000000000_HOR_2002 |7 0 |8 R |9 362263 |a BIBGIM |b BIBGIM |d 2019-11-21 |i 4113403 |o 657.42 HOR 2002 |p 4113403 |r 2025-01-15 |w 2019-11-21 |y BK_R |k COM | ||
| 952 | |0 0 |1 0 |4 0 |6 657_420000000000000_HOR_2002 |7 0 |8 R |9 362264 |a BIBGIM |b BIBGIM |d 2019-11-21 |i 4113411 |o 657.42 HOR 2002 |p 4113411 |r 2025-01-15 |w 2019-11-21 |y BK_R |k COM | ||
| 952 | |0 0 |1 0 |4 0 |6 657_420000000000000_HOR_2002 |7 0 |8 R |9 362265 |a BIBGIM |b BIBGIM |d 2019-11-21 |i 411342K |o 657.42 HOR 2002 |p 411342K |r 2024-01-16 |w 2019-11-21 |y BK_R |k COM | ||
| 952 | |0 0 |1 0 |4 0 |6 657_420000000000000_HOR_2002 |7 0 |8 R |9 362266 |a BIBGIM |b BIBGIM |d 2019-11-21 |i 4113438 |o 657.42 HOR 2002 |p 4113438 |r 2025-01-15 |w 2019-11-21 |y BK_R |k COM | ||